[Event "Dubai op 13th"]
[Site "Dubai"]
[Date "2011.04.16"]
[Round "7"]
[White "Ganguly, Surya Shekhar"]
[Black "Berg, Emanuel"]
[Result "1/2-1/2"]
[WhiteElo "2643"]
[BlackElo "2312"]
[Annotator "Berg,E"]
[PlyCount "164"]
[EventDate "2011.04.10"]
[EventType "swiss"]
[EventRounds "9"]
[EventCountry "UAE"]
[SourceTitle "CBM 141 Extra"]
[Source "ChessBase"]
[SourceDate "2011.05.03"]
[SourceVersion "1"]
[SourceVersionDate "2011.05.03"]
[SourceQuality "1"]

1. e4 c5 2. Nf3 d6 3. d4 cxd4 4. Nxd4 Nf6 5. Nc3 a6 6. Bg5 {Slightly
surprisingly my opponent chose this sharp move, which I use as my main move on
the white side when facing the Najdorf.} Nbd7 {An interesting move to avoid
the mainline theory, with lots of variations to remember. This is also a good
move in order to avoid forced drawing variations which can often arise in the
main lines.} 7. f4 Qc7 8. Qf3 h6 (8... e6 {leads back to the main lines.}) (
8... e5 {is a possible option here, but my impression is that White should get
the upper hand. By playing ...e5 Black seriously weakens the d5-square and
invites the N on d4 to get there via f5-e3. Now} 9. fxe5 $146 {looks like a
good way forward.} (9. Nf5 {is also interesting and keeps the tension in the
centre. White has a slight initiative.}) 9... dxe5 (9... Nxe5 10. Qg3 $14) 10.
Nf5 $14 {[%cal Ge3d5,Gf5e3]}) (8... b5 {is an interesting try that has been
played recently by the grandmasters Giri and Harikrishna.} {The critical test}
9. e5 {is well met by} (9. O-O-O Bb7 10. Bd3 e6 {leads to one of the 6.Bg5
main lines by transposition.}) 9... Bb7 10. exd6 Qb6 11. Qe3 e6 $1 {0-1 Kett,T
(2219)-Harikrishna,P (2645)/Khanty Mansiysk 2010/CBM 139 (103); when Black
will regain the pawn on d6 with an excellent position.}) 9. Bxf6 ({In the
event of} 9. Bh4 {White can easily end up in trouble after} g5 $1 10. fxg5 hxg5
11. Bxg5 Qc5 {when Black's activity fully compensates for the sacrificed pawn.
White needs to defend accurately so as not to get a worse position.}) 9... Nxf6
10. f5 {This is the critical approach in order to hold down Black's kingside.
Sooner or later Black must push either his e- or g-pawn and then the pawn on
f5 comes in handy. White gives up the e5-square, but will get excellent
light-square control in return. It's also hard for Black to find a way to make
use of his e5-outpost.} Rg8 $5 $146 {This move seems to be a novelty as far as
I can see. I was shown the move by a club friend of mine and was unable to
find anything convincing for the white side. Playing the move from the black
side against a strong grandmaster as Ganguly felt like an excellent way of
testing this move over the board. The main idea is simply to play ...g5 next
and to recapture with the rook on g6 after fxe6 in order not to weaken the
light squares.} ({The main move is} 10... Qc5 11. O-O-O g5 {with the idea to
answer 12.fxg6 with Bg4 winnig the exchange. However practice has shown that
it is not all that simple as White gets excellent compensation for the
exchange as is shown by the following game} 12. fxg6 Bg4 13. gxf7+ Kxf7 14. Qd3
Bxd1 15. Nxd1 {White has a pawn and a long term compensation of light square
control as well as attacking chances against the weakend black king. Although
the position might well be playable for Black objectively it's very easy to go
wrong and White definitely has an easier game.} e6 (15... h5 $5) 16. g3 Bg7 17.
Bh3 Rae8 18. Rf1 Re7 19. Ne3 Rhe8 20. Ng2 Qe5 $2 {After this move Black is
already in big trouble.} (20... b5 {was better, when} 21. Nf4 {can be met by}
e5 22. Nb3 Qc4 {and Black's position is still playable although White's
compensation is still obvious even in the endgame after} 23. Nd5 Qxd3 24. cxd3
Ra7 25. Na5 $36) 21. Nf4 Qxe4 22. Qxe4 Nxe4 23. Bxe6+ Rxe6 24. Nfxe6+ Bf6 {
White was a pawn up in 1-0 Hector,J (2592)-Volokitin,A (2661)/Germany 2011/
Mega2011 Update 16 (63)}) 11. Bd3 g5 12. fxg6 Rxg6 13. Nf5 $1 {A good move
that stops Black from playing ...e6 in view of Nh4.} Ng4 $6 {The right idea,
but the wrong way to do it.} (13... Qc5 $5 {was better, preparing ...Ng4 or ...
Nd7 This move additionally prevents the 0-0 for White and takes away the
option of Nd5 coming with tempo as in the game.} 14. O-O-O (14. Nd5 Nxd5 15.
exd5 Rf6 {runs in a troublesome pin for White.}) 14... Ng4 {[%cal Gg4e5] The N
will soon arrive on e5 with an attractive position for Black. White still has
some activity, but Black has the long term trump of the bishop pair as well as
the superb e5-outpost.}) 14. Nd5 Qd8 15. O-O $1 {This move make life a bit
difficult for Black since the pressure along the f-file prevents Black from
playing ...e6.} Ne5 16. Qf2 Be6 (16... e6 $2 {runs into} 17. Nh4 $1 $16 (17.
Nb6 Rb8 18. Ng3 Qc7 {looks fine for Black.})) 17. Be2 $6 {This move makes life
easier for Black. It would have been better for White to play a waiting move
like} (17. Rae1 $36 {or}) (17. Kh1 {The bishop on d3 might seem useless for
the moment, but once Black exchanges on d5 it will come back to life.}) ({
Another straightforward option was} 17. Nf4 $5 {when Black's best defence is}
Rf6 $5 ({In the event of} 17... Rg8 {White can follow up with} 18. Nxe6 fxe6
19. Nd4 $14 {and Black is struggling.}) 18. Ng3 {White threatens to win an
exchange with Ngh5 which forces Black to give up a pawn after} Bg4 {[%cal
Ge5g6]} 19. Qe3 {threatening h3 followed by Ngh5.} h5 20. Ngxh5 Rh6 21. Ng3 $14
{White is a pawn up and is slightly better, but Black has good chances to
achive counterplay along the half-open h- and g-files.}) 17... Bxd5 18. exd5
Qa5 19. Rad1 O-O-O 20. a3 {White is preparing b4 to build up an attack on the
queenside.} (20. Qa7 Kc7) 20... Kb8 21. b4 Qc7 22. c4 e6 23. Nh4 ({Perhaps} 23.
Ng3 {was a better route for the N.}) 23... Rg5 24. Nf3 Rf5 25. Qh4 Be7 26. Qe4
(26. Qxh6 Nxf3+ 27. Rxf3 Rxf3 28. Bxf3 Qxc4 $132) 26... Nxf3+ 27. Bxf3 (27.
Rxf3 Re5 28. Qd3 exd5 $11) 27... Bg5 28. dxe6 Re5 29. Qd3 (29. e7 Rxe4 (29...
Qxe7 30. Qh7 $36) 30. exd8=Q+ Qxd8 $1 31. Bxe4 Be3+ 32. Kh1 Qh4 33. Bf5 (33.
Bf3 Bf4 34. h3 Qg3 35. Kg1 Be3+ 36. Kh1 Bf4 $11) 33... Qxc4 $11) 29... fxe6 30.
Rfe1 d5 $5 {An interesting pawn sacrifice that gives Black some activity and
an easy position to play in the forthcoming time trouble.} 31. Rxe5 Qxe5 32.
cxd5 exd5 33. Bxd5 h5 $1 {The pawn is heading for h4 in order to exert
pressure against the h2-pawn later on.} 34. Qf3 (34. Qh7 Qe3+ (34... Rxd5 35.
Qg8+ Rd8 36. Rxd8+ Bxd8 37. Qxd8+ Ka7 38. Qd2 Qa1+ 39. Kf2 Qxa3 40. Qe3+ (40.
h4 $5 $36) 40... Qxe3+ 41. Kxe3 b6 $11) 35. Kh1 Rxd5 36. Qg8+ Rd8 37. Rxd8+
Bxd8 38. Qxd8+ Ka7 39. Qd1 Qxa3 $11) (34. Kh1 {might have been the best way to
continue for White, but even here Black has enough counterplay to hold the
draw without any particular problems.} h4 35. b5 a5 $44) 34... h4 (34... Bd2 $5
35. Bb3 Be3+ 36. Kh1 (36. Kf1 {looks risky after} Qb5+ 37. Ke1 Re8) 36... Rxd1+
37. Bxd1 (37. Qxd1 Bb6 $44 {[%csl Ge5,Rh1][%cal Yb6c7,Gh5h4]}) 37... Bc1 $44 {
[%csl Ra3,Ge5,Rh1]}) 35. h3 Be3+ 36. Kh1 Bb6 37. Bb3 Rxd1+ ({Here} 37... Re8 $1
{would have been an improvement. White will have a hard time defending here,
although objectively it should be a draw.} 38. Qf1 Bc7 39. Qg1 Qc3 $15 {
[%csl Ra3,Rb4,Rh1][%cal Ge8e3]}) 38. Qxd1 Bc7 39. Kg1 Qe3+ 40. Kh1 Qg3 41. Kg1
Qe3+ 42. Kh1 Qf4 43. Kg1 Bb6+ 44. Kh1 Qg3 $1 45. b5 Bc7 46. Kg1 Bb6+ 47. Kh1
Bc7 48. Kg1 Qe3+ 49. Kh1 Qf4 50. Kg1 Bb6+ 51. Kh1 Bc7 52. Kg1 Qe3+ 53. Kh1 axb5
(53... Qe5 54. Kg1 Qxb5 {was a slightly more promising try, but White should
kep a draw here as well with accurate defence.} (54... Qc5+ 55. Kh1 Qxb5 56. a4
) 55. a4 Qc5+ 56. Kf1) 54. a4 Qe5 55. Kg1 Qe3+ 56. Kh1 Qg3 57. Kg1 Bb6+ 58. Kh1
b4 59. Bd5 Bc7 60. Kg1 Bb6+ 61. Kh1 Bc7 62. Kg1 Qe3+ 63. Kh1 Qe5 64. Kg1 Ka7
65. Bb3 Qe3+ (65... Qh2+ 66. Kf1 Qh1+ 67. Kf2 Bb6+ 68. Kf3 Qh2 69. Qd5 $1 (69.
Qe1 $2 Qd6 $36) 69... Qg3+ 70. Ke2 Qe3+ 71. Kd1 $11) 66. Kh1 Qg3 67. Kg1 Bb6+
68. Kh1 Qe3 69. Bd5 Bd4 70. Bc4 Kb6 71. Bb3 Qf2 72. Kh2 Qg3+ 73. Kh1 Qf2 74.
Kh2 Be5+ 75. Kh1 Qf4 76. Kg1 Bd6 77. Bd5 Qe3+ (77... Kc5 78. Bxb7 Qd4+ 79.
Qxd4+ Kxd4 80. Kf2 b3 81. Kf3 $11) 78. Kh1 Kc7 79. Qc2+ Kb8 80. Qd1 Qf2 81. Bb3
Qg3 82. Kg1 Bc7 {Here White claimed a draw on threefold repetition as if White
now plays 83.Bd5 the same position had arisen at moves 60, 62 and 83. Anyway I
had tried out most things in the position already and there was no win to be
found.} 1/2-1/2

[Event "POR-chT"]
[Site "Porto"]
[Date "2016.08.15"]
[Round "2.1"]
[White "Santos Latasa, Jaime"]
[Black "Berg, Emanuel"]
[Result "1/2-1/2"]
[WhiteElo "2545"]
[BlackElo "2579"]
[Annotator "Berg,E"]
[PlyCount "111"]
[EventDate "2016.08.14"]
[EventType "team-tourn"]
[EventRounds "9"]
[EventCountry "POR"]
[SourceTitle "CBM 174"]
[Source "ChessBase"]
[SourceDate "2016.09.13"]
[SourceVersion "1"]
[SourceVersionDate "2016.09.13"]
[SourceQuality "1"]
[WhiteTeam "Porto"]
[BlackTeam "Mata de Benfica"]
[WhiteTeamCountry "POR"]
[BlackTeamCountry "POR"]

1. e4 c5 2. Nf3 d6 3. d4 cxd4 4. Nxd4 Nf6 5. Nc3 a6 6. Bg5 {Although my
opponent used to play many different things I was slightly surpriced to meet
this, one of my favorite lines from the White side of the Najdorf.} Nbd7 {
A populr alternative to the mainline 6...e6. Black might also hope to avoid
long teoretical ines. However in reality both moves are pretty well analysed
nowadays.} 7. Qe2 {The second surprise. In my earlier games I've only faced 7.
f4 which is the mainmove. Apart from that 7.Bc4 is another important option.
The move played is slightly less played but will likely be seen more of in the
near future as it was the recommendation by Parimarjan Negi in his repertoire
book against the Najdorf.} Qa5 {This move is considered dubious by Negi.} (7...
h6 {is the most popular continuation forcing a decision from White's bishop.})
8. Bd2 $1 {A good continuation as pointed out by Negi.} ({Instead after the
automatic reply} 8. f4 {Black's queen development to a5 will be fully
justified.} {One interesting continuation would be} e5 $5 9. Nb3 Qc7 {
intending ...b5 and ...Bb7 when Black has good control in the centre.}) 8...
Qb6 $6 {This looks like a natural continuation forcing White's knight to a
more passive place. However it also restricts the movement of Black's b-pawn
and WHite is getting a good game.} ({Instead} 8... g6 $1 {seems to be the move
to be played. This is not mentioned by Negi and has a perfect score for Black
so far out of two games.}) 9. Nb3 e6 {This prevents the knight jump to d5 but
instead gives White an initiative on the kingside.} (9... Nc5 $5 $146 {might
well be a better option although White should still be better.}) 10. g4 h6 11.
O-O-O $146 {Negi's suggested novelty.} Qc7 {Preparing for ...b5} 12. Bg2 {
Preventing ...b5 due to e5 comming.} Ne5 13. f4 Nc4 14. Be1 $1 {Still
following Negi's analysis.} Be7 15. Bg3 $6 {Here my opponent did not spot the
best option (also given by Negi). Following} (15. Rd4 $1 {black would have
ended up in difficulties after} Nb6 16. e5 $16 {Negi. There is nothing urgent
yet but White has a distinct space advantage and black is clearly behind in
development.}) 15... Nd7 16. Nd4 $6 {This is a bit slow and gives black time
to consolidate.} (16. h4 $14 {or}) (16. Kb1 $14 {would both be good options.})
16... Ndb6 17. f5 $6 {Another slip, especially from a positional point of view.
Now the e5-square is severly weakened.} ({Once again} 17. h4 {would keep WHite
on top.}) 17... Qc5 $5 ({The simple} 17... Bd7 {intending ...Rc8 was perhaps
even stronger.}) 18. Qe1 {A surprising move which did not look quite right.
However I was not able to find a refutation over the board.} ({I was expecting
} 18. Rd3 {when after} Ne5 19. Bxe5 Qxe5 {black has achieved the pair of
bishops.}) 18... Bf6 (18... Bd7 $15) (18... Bg5+ $1 {should have been played
following} 19. Kb1 Nxb2 {I saw all this but didn't pay attention to the
tactical nuances after the continuation} 20. Nb3 ({Instead} 20. Kxb2 Nc4+ 21.
Ka1 Qa3 {forces White to give back material with} 22. Na4 Qxa4 $17) 20... Qa3
21. Bxd6 {when it looks like White is simply winning. However things works
perfectly in Black's favour following} N2c4 $3 22. Bxa3 Nxa3+ 23. Ka1 (23. Kb2
Nbc4+) 23... Nxc2+ 24. Kb1 Nxe1 25. Rhxe1 O-O $17 {when Black is a clear pawn
up and likely winning in the long run.}) 19. e5 $1 (19. Nb3 Qe3+ 20. Qxe3 Nxe3
$15) 19... dxe5 ({Better was} 19... Bg5+ $1 20. Kb1 Nxb2 $1 {which I
considered but rejected due to White's counterplay by Ne4xd6+} 21. Kxb2 ({
After a closer look it appears that Black is just winning following} 21. Ne4 $4
Qa3 22. Nxd6+ Kf8 $1 $18 {when White's counterplay is over while Black stll
has a huge attack.}) 21... Nc4+ 22. Ka1 Qa3 23. Na4 $8 Qxa4 24. Qc3 dxe5 25.
fxe6 O-O $1 $15) 20. Ne4 Qe7 21. Nxf6+ gxf6 (21... Qxf6 $4 22. Bh4 $18) 22. Nc6
{Perhaps not the objectively best but certainly causing a lot of confusion in
the upcomming time trouble.} bxc6 23. Bxc6+ Kf8 24. Bxa8 Nxa8 25. fxe6 (25. Rf1
{looks better to keep Black's minor pieces passive.}) 25... Bxe6 26. Bh4 Nab6
$2 {A mistake which turn the tables completely.} (26... Nc7 27. Rf1 Ne8 $17 {or
}) (26... Rg8 27. Rf1 Rg6 $17 {where both giving Black a serious advantage.})
27. Rf1 Nd7 28. Rxd7 $1 {Suddenly Black is in great danger.} Qxd7 29. Bxf6 Kg8
{Black has to be very careful since Qb4+ and Rd1 was in the air.} 30. Bxh8 $6 {
This move makes Black's task easier.} (30. Qc3 $1 Qd4 31. Qxd4 exd4 32. Rd1 Kh7
33. Bxh8 Kxh8 34. Rxd4 $16 {would have left Black with a very difficult
endgame.}) 30... Kxh8 ({Even stronger was} 30... Qd4 $1 {intending} 31. c3 Qd3
32. Bf6 Nd2 $1 {when the tactics appears to end up in a repetition following}
33. Qxe5 Qxf1+ 34. Kxd2 Qf2+ $11) 31. b3 Qd4 32. c3 Qe3+ 33. Kc2 Na3+ 34. Kb2
Qc5 35. Qh4 Kg7 $2 ({Black should have gone for the immediate counterplay with
} 35... Nb5 36. Qxh6+ Kg8 {when Black has enough counterplay for a draw in
view of the upcomming check on a3 possibly followed by a bishop sacrifice on
b3.}) 36. Qf6+ (36. g5 h5 $1 37. g6 f5 38. Qxh5 Nb5 {seems to hold the balance
for black.}) 36... Kh7 37. Re1 Nb5 38. Qxe5 Qa3+ 39. Kb1 Bxb3 40. axb3 Qxb3+
41. Kc1 Nxc3 {Black is an exchange down but the limited material brings him
excellent drawing chances. It's also well known that a queen and a knight are
very strong in the attack together so White has to watch out too!} 42. Kd2 Nb1+
$5 ({Centralizing with} 42... Nd5 $5 {was probably objectively better.}) 43.
Ke2 Qc2+ 44. Kf3 $2 ({After} 44. Ke3 $1 $14 {White would remain with some
winning chances.}) 44... Nd2+ {Suddenly White is in a trap, but he will get
out with a half point still.} 45. Kg3 Qd3+ 46. Kf2 Qf3+ 47. Kg1 Qxg4+ 48. Kf2
Qf3+ 49. Kg1 Qg4+ 50. Kf2 Qf3+ 51. Kg1 Qd3 52. Qf6 Nf3+ 53. Kf2 Nxe1 54. Qxf7+
Kh8 55. Qf8+ Kh7 56. Qf7+ {(=)} 1/2-1/2